Bad Idea! - Girl in Red (Lyrics) - Statistics

General Stats
  • This quiz has been taken 232 times
  • The average score is 134 of 153
Answer Stats
Hint Answer % Correct
I
100%
a
99%
bad
99%
Was
99%
idea
99%
idea,
99%
was
99%
Was
99%
you
99%
[Pre-Chorus] You
99%
[Chorus] | [Verse 2] It
98%
[Verse 1] It
98%
it
98%
calling
94%
up
94%
so
93%
my
91%
to
91%
your
91%
pretty,
90%
you're
90%
such
89%
the
89%
and
88%
hurts"
88%
I'm
88%
me
87%
"Darling,
86%
said
85%
are
84%
for
83%
shirt
83%
think
83%
against
82%
hands
82%
more
82%
more?"
82%
these
82%
wall
82%
words
82%
bra
81%
on
81%
put
81%
ready
80%
under
80%
pushed
79%
totally
78%
fucked
76%
now
76%
Undid
76%
can't
75%
floor
73%
clothes
71%
could
70%
were
70%
one
69%
get
68%
Threw
68%
down
67%
even
67%
lost
66%
stop
66%
enough
64%
'cause
62%
straight
62%
be
61%
need
58%
late
57%
alone
55%
home
54%
back
53%
bring
50%
wrong
47%
everything's
46%
meeting
36%
No matching quizzes found
Score Distribution
Percent of People with Each Score
Percentile by Number Answered
Your Score History
You have not taken this quiz